Bankruptcy Prediction Applying Multivariate Techniques

Analýza predikcie bankrotu spoločnosti pomocou vybraných štatistických multidimenzionálnych metód. Existujúce multidimenzionálne metódy, ktoré sú vhodným nástrojom na predpovedanie bankrotu spoločností, na ich grafické znázornenie v priestore, identifikáciu klastrov spoločností s rovnakými predpokla...

Descripción completa

Guardado en:
Detalles Bibliográficos
Autor principal: Mokrišová, Martina
Otros Autores: Horváthová, Jarmila
Formato: Capítulo de libro
Lenguaje:inglés
Materias:
Etiquetas: Agregar Etiqueta
Sin Etiquetas, Sea el primero en etiquetar este registro!

MARC

LEADER 00000naa a2200000 4500
001 0273615
005 20210722134044.8
041 0 |a eng 
044 |a SK 
245 1 0 |a Bankruptcy Prediction Applying Multivariate Techniques  |c Martina Mokrišová, Jarmila Horváthová 
520 |a Analýza predikcie bankrotu spoločnosti pomocou vybraných štatistických multidimenzionálnych metód. Existujúce multidimenzionálne metódy, ktoré sú vhodným nástrojom na predpovedanie bankrotu spoločností, na ich grafické znázornenie v priestore, identifikáciu klastrov spoločností s rovnakými predpokladmi bankrotu, ako aj identifikáciu faktorov bankrotu. Výskum realizovaný na vzorke 343 spoločností tepelného hospodárstva na Slovensku. Všetky spoločnosti prevádzkujú miestne systémy diaľkového vykurovania. 
610 2 0 |a bankrot 
610 2 0 |a škálovanie 
610 2 0 |a podnik 
610 2 0 |a spoločnosť 
100 1 |a Mokrišová, Martina 
700 1 |a Horváthová, Jarmila